000 00523nam a2200193Ia 4500
005 20250423100640.0
008 250422s9999 xx 000 0 und d
020 _a9780495382232 |a 049538223X
050 _aQA 276 .D48/
100 _aDevore, Jay L.
245 0 _aProbability and statistics for engineering and the sciences
250 _a7th ed.
260 _aUnited States
260 _bCenage Learning
260 _c2009
300 _a735 p
650 _aProbability; Statistics; Engineering
942 _cBK
999 _c33940
_d33940